000
00288nam a22001217a 4500
003
OSt
005
20260211123414.0
008
260209b |||||||| |||| 00| 0 eng d
040
_c
IPU
082
_a
324.6
_b
IPU
245
_a
Plan of Action for Gender - Sensitive Parliaments
942
_2
ddc
_c
BK
999
_c
4141
_d
4141